000
00228nam a22000977a 4500
040
_c
RUA
082
_a
631 MAT 1982 C227 Or.
245
_a
LES MATERIELS DE PROTECTION DES CULTURES.
260
_a
phnom penh
_b
rua
_c
1982
942
_c
FB
999
_c
21353
_d
21353